Miguel Angel y Rafael: con Botticelli - Perugino Signorelli - Ghirlandaio y Roselli en el Vaticano: Toda la Capilla Sixtina las Estancias y los Porticos (Record no. 21199)
[ view plain ]
| 000 -LEADER | |
|---|---|
| campo de control de longitud fija | 00402nam a2200121Ia 4500 |
| 008 - DATOS DE LONGITUD FIJA--INFORMACIÓN GENERAL | |
| campo de control de longitud fija | 231129s1982||||xx |||||||||||||| ||spa|| |
| 040 ## - FUENTE DE CATALOGACIÓN | |
| Lengua de catalogación | s.l |
| 082 ## - NÚMERO DE LA CLASIFICACIÓN DECIMAL DEWEY | |
| Número de clasificación | 759.5 M636m |
| 245 #0 - MENCIÓN DEL TÍTULO | |
| Título | Miguel Angel y Rafael: con Botticelli - Perugino Signorelli - Ghirlandaio y Roselli en el Vaticano: Toda la Capilla Sixtina las Estancias y los Porticos |
| 260 ## - PUBLICACIÓN, DISTRIBUCIÓN, ETC. | |
| Fecha de publicación, distribución, etc. | 1982 |
| 264 ## - PRODUCCIÓN, PUBLICACIÓN, DISTRIBUCIÓN, FABRICACIÓN Y COPYRIGHT | |
| Producción, publicación, distribución, fabricación y copyright | [s.l. : s.n.] |
| 942 ## - ELEMENTOS DE ENTRADA SECUNDARIOS (KOHA) | |
| Fuente del sistema de clasificación o colocación | Clasificación Decimal Dewey |
| Tipo de ítem Koha | |
| Estatus retirado | Estado de pérdida | Fuente del sistema de clasificación o colocación | Estado de daño | No para préstamo | Biblioteca de origen | Biblioteca actual | Fecha de adquisición | Total de préstamos | Signatura topográfica completa | Código de barras | Visto por última vez | Copia número | Precio de reemplazo | Tipo de ítem Koha |
|---|---|---|---|---|---|---|---|---|---|---|---|---|---|---|
| Clasificación Decimal Dewey | BIBLIOTECA PÚBLICA MUNICIPAL RAMON CORREA MEJIA | BIBLIOTECA PÚBLICA MUNICIPAL RAMON CORREA MEJIA | 29/11/2018 | 759.5 M636m | 41868 | 29/11/2023 | 1 | 29/11/2023 | Libros |